Análisis del discurso (Record no. 88729)

MARC details
000 -LEADER
campo de control de longitud fija 00784nam a2200241 i 4500
001 - NÚMERO DE CONTROL
campo de control 88729
003 - IDENTIFICADOR DE NÚMERO DE CONTROL
campo de control ES-MaACL
005 - FECHA Y HORA DE LA ÚLTIMA TRANSACCIÓN
campo de control 20250731070340.0
007 - CAMPO FIJO DE DESCRIPCIÓN FÍSICA--INFORMACIÓN GENERAL
campo de control de longitud fija t|
008 - DATOS DE LONGITUD FIJA--INFORMACIÓN GENERAL
campo de control de longitud fija 041202s1987 sp ||||1| spa d
020 ## - NÚMERO INTERNACIONAL ESTÁNDAR DEL LIBRO
Número Internacional Estándar del Libro 84-206-6520-7
080 ## - NÚMERO DE LA CLASIFICACIÓN DECIMAL UNIVERSAL
Número de la Clasificación Decimal Universal 801.562/.563
100 1# - ENTRADA PRINCIPAL--NOMBRE DE PERSONA
Nombre de persona Stubbs, Michael.
9 (RLIN) 108489
245 10 - MENCIÓN DEL TÍTULO
Título Análisis del discurso
Resto del título : análisis sociolingüístico del lenguaje natural /
Mención de responsabilidad, etc. Michael Stubbs ; versión española de Celina González.
260 ## - PUBLICACIÓN, DISTRIBUCIÓN, ETC.
Lugar de publicación, distribución, etc. Madrid :
Nombre del editor, distribuidor, etc. Alianza Editorial,
Fecha de publicación, distribución, etc. [1987]
300 ## - DESCRIPCIÓN FÍSICA
Extensión 256 p. ;
Dimensiones 23 cm.
490 1# - MENCIÓN DE SERIE
Mención de serie Alianza psicología
650 17 - PUNTO DE ACCESO ADICIONAL DE MATERIA--TÉRMINO DE MATERIA
Término de materia o nombre geográfico como elemento de entrada Análisis del discurso
Fuente del encabezamiento o término embne
9 (RLIN) 9764
700 1# - ENTRADA AGREGADA--NOMBRE PERSONAL
Nombre de persona González, Celina.
9 (RLIN) 58300
830 0# - PUNTO DE ACCESO ADICIONAL DE SERIE-TÍTULO UNIFORME
Título uniforme Alianza psicología
9 (RLIN) 178168
852 ## - LOCALIZACIÓN
Ubicación ES-MaACL
Número de control de estantería E-10575
Sublocalización o colección R.134685
Holdings
Estatus retirado Estado de pérdida Estado de daño No para préstamo Biblioteca de origen Biblioteca actual Ubicación en estantería Fecha de adquisición Fuente de adquisición Total de préstamos Signatura topográfica completa Código de barras Visto por última vez Precio de reemplazo Tipo de ítem Koha
        Biblioteca del Ateneo de Madrid Biblioteca del Ateneo de Madrid Depósito 2 17/01/2008     E-10575 1092679 23/02/2023 23/02/2023 Libro impreso